Quiz sur la Réunion - Statistiques

Statistiques générales
  • Ce quiz a été pris 435 fois
  • Le résultat moyen est 14 sur 20
Statistiques - réponses
Question Réponse % Correct
Numéro du département 974
96%
Pays situé à l'ouest de la Réunion Madagascar
91%
Océan bordant l'île Océan Indien
91%
Préfecture et plus grande ville Saint-Denis
90%
Pays le plus proche de la Réunion Maurice
88%
Volcan de l'île considéré comme l'un des plus actifs du monde. Piton de la Fournaise
87%
Langue propre à l'île de la Réunion influencée par la langue d'oil et d'autres des pays voisins. Créole réunionnais
86%
Nom de famille de l'humoriste Manu et du footballeur Dimitri, tous deux nés dans le département Payet
82%
Nom porté par l'île de 1642 jusqu'à la Révolution. Île Bourbon
80%
Région La Réunion
78%
Saint-Pierre
78%
Point culminant du département Piton des Neiges
76%
Saint-Paul
68%
Fruit de certaines orchidées indissociable de la culture de la Réunion Vanille
51%
Gentilé Réunionnais
49%
Sous-préfectures Saint-Benoit
49%
Commune la plus au sud de France. Saint-Joseph
48%
Celles du Trou de Fer sont les plus hautes de France. Chutes d'eau
44%
Nombre d'habitants (arrondi à la dizaine de milliers d'habitants) 860 000 (858 450)
22%
Sainte-Rose est la commune la plus ... sur laquelle l'Union Européenne est compétente. Orientale
14%
Aucun quiz correspondant
Distribution des résultats
% des personnes avec chaque résultat
Percentile par nombre de réponses
Votre historique - résultats
Vous n’avez pas pris ce quiz